logo

Bir Sreshtho Munshi Abdur Rouf Library
Jhenaidah Cadet College

The Age of Chaucer / (Record no. 5132)

MARC details
000 -LEADER
fixed length control field 00561nam a2200229 a 4500
001 - CONTROL NUMBER
JCCL Control Number 5132
003 - CONTROL NUMBER IDENTIFIER
JCCL marc code BD-JhCC
005 - DATE AND TIME OF LATEST TRANSACTION
control field 20180305190939.0
008 - FIXED-LENGTH DATA ELEMENTS--GENERAL INFORMATION
fixed length control field 171209b aca |||| || | 000 0 eng d
035 ## - SYSTEM CONTROL NUMBER
system control number (BD-JhCC)5132
040 ## - CATALOGING SOURCE
Original cataloging agency BD-JhCC
Modifying agency BD-JhCC
041 ## - LANGUAGE CODE
Language code of Book eng
082 ## - DEWEY DECIMAL CLASSIFICATION NUMBER
Classification number 823
Author mark and Year AGE 1955
245 ## - TITLE STATEMENT
Title The Age of Chaucer /
Statement of responsibility, etc Boris Ford (Editor)
250 ## - EDITION STATEMENT
Edition statement 2nd ed.
260 ## - PUBLICATION, DISTRIBUTION, ETC. (IMPRINT)
Place of publication, distribution, etc Victoria :
Name of publisher, distributor, etc Penguin Books,
Date of publication, distribution, etc 1955.
300 ## - PHYSICAL DESCRIPTION
Pagination 368 p. :
Dimensions 20 cm.
650 ## - SUBJECT ADDED ENTRY--TOPICAL TERM
Topical term or geographic name as entry element English Literature
700 ## - ADDED ENTRY--PERSONAL NAME
Personal name Ford, Boris
942 ## - ADDED ENTRY ELEMENTS (KOHA)
Source of classification or shelving scheme Dewey Decimal Classification
Koha item type Books
Holdings
Source of classification or shelving scheme volume number Damaged status Not for loan Home library Current library Shelving location Date of accession Total Checkouts Full call number Barcode Date last seen Copy number Koha item type
Dewey Decimal Classification V-1     JCC Rouf Library JCC Rouf Library General Stacks 12/09/2017   823 AGE 1955 6933 12/09/2017 C-1 Books
Dewey Decimal Classification       JCC Rouf Library JCC Rouf Library General Stacks     823 AGE 1955 11936 03/05/2018 C - 2 Books

JCC Library | Contacts | JCC Home

Last Update on 23 September 2017
Copyright @ 2017-2020 JCC Rouf Library
Rouf Library, Jhenidah Cadet College (JCC), Bangladesh